Online
Catalog

Donde los guerreros / (Record no. 8572)

MARC details
000 -CABECERA
campo de control de longitud fija 00594cam a2200193 a 4500
001 - NÚMERO DE CONTROL
campo de control 000008803
005 - FECHA Y HORA DE LA ÚLTIMA TRANSACCIÓN
campo de control 20200929161418.0
008 - DATOS DE LONGITUD FIJA--INFORMACIÓN GENERAL
campo de control de longitud fija 931101s1989 cu 001 j spa d
040 ## - FUENTE DE LA CATALOGACIÓN
Centro catalogador/agencia de origen DO-SdBNP
Centro/agencia transcriptor NN
Centro/agencia modificador TxU
-- DLC
082 ## - NÚMERO DE LA CLASIFICACIÓN DECIMAL DEWEY
Número de clasificación Cu863.44
Número de documento/Ítem E96d
100 1# - ENTRADA PRINCIPAL--NOMBRE DE PERSONA
Nombre de persona Exposito, Alejandro.
9 (RLIN) 14071
245 10 - MENCIÓN DE TÍTULO
Título Donde los guerreros /
Mención de responsabilidad, etc. Alejandro Exposito.
260 ## - PUBLICACIÓN, DISTRIBUCIÓN, ETC.
Lugar de publicación, distribución, etc. La Habana, (Cuba) :
Nombre del editor, distribuidor, etc. Letras Cubanas,
Fecha de publicación, distribución, etc. 1989.
300 ## - DESCRIPCIÓN FÍSICA
Extensión 83 p. ;
Dimensiones 18 cm.
586 ## - NOTA DE PREMIOS
Nota de premios "Premio cuento, 1986."
650 #4 - PUNTO DE ACCESO ADICIONAL DE MATERIA--TÉRMINO DE MATERIA
Término de materia o nombre geográfico como elemento de entrada Cuentos cubanos
9 (RLIN) 1482
650 #4 - PUNTO DE ACCESO ADICIONAL DE MATERIA--TÉRMINO DE MATERIA
Término de materia o nombre geográfico como elemento de entrada Literatura cubana
Subdivisión cronológica SIGLO XX
9 (RLIN) 9186
910 ## - DATOS DE OPCIÓN DEL USUARIO (OCLC)
Datos de opción del usuario Catalogación por copia / LC
Holdings
Estado de retiro Estado de pérdida Restricciones de uso No para préstamo Código de colección Localización permanente Ubicación/localización actual Ubicación en estantería Fecha de adquisición Número de inventario Total de préstamos Signatura topográfica completa Código de barras Fecha visto por última vez Precio válido a partir de Tipo de ítem Koha
    Préstamo interno   Monografías: Libros y Folletos General General En catalogación 18.09.2009 LF1   Cu863.44 E96d 8803-10 25.06.2020 25.06.2020 Préstamo interno

Powered by Koha